Регионална библиотека "Любен Каравелов" - Русе

Превъзходството на Христос (Запис номер 81939)

MARC детайли
000 -Лидер
Контролно поле с фиксирана дължина 01662nam a2200349 c 4500
003 - Код на организацията, давaща контролен номер
Контролно поле BLK
005 - Дата и час на последна редакция
Контролно поле 20240604142319.0
008 - Елементи от данни с фиксирана дължина
fixed length control field 180408b bul|||||r ||||||| ||bul||
010 ## - Наследен системен номер
LC control number KNG00086459000
020 ## - Международен стандартен номер на книга ISBN
Международен стандартен номер на книга ISBN 954-407-234-9
-- издат.: Нов човек
040 ## - Източник на каталожния запис
Идентификатор на билиотеката - собственик на записа BLK
041 ## - Код за език
Код за езика на текст/звукозапис или на отделно заглавие Български
Код за езика КДБФ Български
080 ## - УДК
Текстов определител УДК Христология - Иисус Христос. Светото семейство. Дева Мария (Богородица). Йоан Кръстител
УДК код - определител по УДК 232
УДК определител
УДК - код + определител 232
100 1# - Редна дума - Автор
Автор Мантън, Томас
Авторска отговорност първи автор
R(LIN) 92368
139 ## - Редно поле
Редна дума Мантън, Томас
Авторски знак Мант - М 28
245 10 - Сведения за заглавието
Заглавие Превъзходството на Христос
Редно поле (дума) Томас Мантън; прев. от англ. Паулина Николова.
257 ## - Страна на издаване
Страна на създаване/издаване Великобритания
260 ## - Област на издателските данни
-- София
Име на издателя, разпространителя и проч. Нов човек
Година на издаване 2006
Печатница София : Манта принт
300 ## - Физическа характеристика
Страници 142 с.
Размери/Мащаб 20 см
380 ## - Жанр
Жанр Религия. Теология
490 1# - СЕРИИ (Колекции)
Име на серия Класическо християнско наследство
500 ## - Общи забележки
Забележка Ориг. загл. Christ's eternal existence and the dignity of his person asserted and proved, in opposition to the doctrine of the socinians / Thomas Manton
650 #4 - Допълнително описание по предмет – тема
Основно описание – тема или топоним Исус Христос
9 (RLIN) 242519
653 ## - Ключова дума – ненормативна
Ключова дума Исус Христос
700 ## - Други автори (авторска отговорност)
Лично име Николова, Паулина Енева
Дати, свързани с автора 1965 -
Друга информация Филолог, английска филология. Културолог. Преводач от английски език
9 (RLIN) 279981
852 ## - Местоположение
Форматна сигнатура Цб 241889
856 4# - Електронен адрес и достъп
Електронен формат pdf - файл
Път до файла /url/
856 4# - Електронен адрес и достъп
Електронен формат pdf - файл
Път до файла /url/
942 ## - АРТИКУЛИ
Вид на библиотечния материал Книги
Скрит в OPAC Не
944 ## - СЪЗДАВАНЕ И РЕДАКЦИЯ на ЗАПИСА
Създаване/Редакция Създаване
Дата на регистрацията/редакция 14.11.2008
Служител, извършил регистрацията/редакцията 30560
Статус, дата на статуса Геновева Генчева
944 ## - СЪЗДАВАНЕ И РЕДАКЦИЯ на ЗАПИСА
Създаване/Редакция Редакция
Дата на регистрацията/редакция 12.02.2009
Служител, извършил регистрацията/редакцията
999 ## - СИСТЕМНИ КОНТРОЛНИ НОМЕРА
Koha biblionumber 81939
Koha biblioitemnumber 81939
Наличности
Код за отписване Код за изгубен артикул Код за повреда Коз за рестрикции Код за отдаване Артикулен № Име на библиотеката - собственик Име на библиотеката, в която се намира в момента Статус (Текущо местоположение) Дата на вписване в системата Местоположение - отдел Цена в лева Инвентарен номер Систематично азбучна сигнатура Баркод Номер на екземпляра Цена в евро Служебна бележка Служебен тип на артикула
  Не е изгубен Не е повреден без рестрикции ползва се в читалня 133012 Регионална библиотека "Любен Каравелов" Русе Регионална библиотека "Любен Каравелов" Русе Хранилище 2008-11-13 Хранилище 4.90 120000731465 Цб 241889 120000731465 1 2.51 Дост: Dp Вид: Д N: 29 Дата: 02.07.2008 Книги
Vip Innovations Ltd, Rousse, Bulgaria 2025